Sustainable tourism : an Australian perspective /

Concerned consumers and industry operators alike are reassessing the impact of an industry seemingly so dependent on the attractions of our natural environment, and questioning the sustainability of many existing practices. Sustainable Tourism examines a range of Australian best practice cases that...

Full description

Saved in:
Bibliographic Details
Other Authors: Harris, Rob, 1957-, Leiper, Neil.
Format: Book
Language:English
Published: Chatswood, Australia ; Newton [Mass.] : Butterworth-Heinemann, 1995.
Subjects:
Tags: Add Tag
No Tags, Be the first to tag this record!
LEADER 03130aam a2200313 a 4500
001 005753401-2
005 20020606163548.3
008 960307s1995 at ab b 000 0 eng
010 |a  96122676  
020 |a 0750689196 
035 0 |a ocm34591059 
040 |a DLC  |c DLC 
043 |a u-at--- 
050 0 0 |a G155.A75  |b S88 1995 
082 0 0 |a 338.4/791940463  |2 20 
245 0 0 |a Sustainable tourism :  |b an Australian perspective /  |c edited by Rob Harris and Neil Leiper. 
260 |a Chatswood, Australia ;  |a Newton [Mass.] :  |b Butterworth-Heinemann,  |c 1995. 
300 |a xxxiii, 156 p. :  |b ill., maps ;  |c 24 cm. 
504 |a Includes bibliographical references (p. 155-156). 
505 0 |a 1. Earth Sanctuaries -- 2. The Great Barrier Reef Marine Park / Mark Simmons and Rob Harris -- 3. Phillip Island Penguin Reserve / David Scrase -- 4. Rottnest Island / Chris Back -- 5. Seal Bay Conservation Park -- 6. Namadgi National Park / Andrew Tatnell -- 7. Australian Conservation Foundation / Stuart Toplis -- 8. Commonwealth Department Of Tourism: The National Ecotourism Strategy -- 9. Ecotourism Association of Australia / Betty Weiler -- 10. Pacific Asia Travel Association / Tracey Parsons -- 11. Tourism Council Australia / Annette Turner -- 12. Club Mediterranee Lindeman Island / Rob Harris and Alison Walshaw -- 13. Green Island Resort -- 14. Jemby-Rinjah Lodge / Rob Harris and Deanna Varga -- 15. Kingfisher Bay Resort and Village / Tony Charters -- 16. Seven Spirit Bay -- 17. Australis: Soft adventure natural history tours / Tony Lee -- 18. Discovery Ecotours: Sustainable Tourism in Outback Australia / Noel Preece -- 19. Quicksilver Connections / Alice Crabtree. 
520 |a Concerned consumers and industry operators alike are reassessing the impact of an industry seemingly so dependent on the attractions of our natural environment, and questioning the sustainability of many existing practices. Sustainable Tourism examines a range of Australian best practice cases that demonstrate what can be done to meet the need for a more sustainable tourism industry. Included in this exciting new publication are discussions of the concept of sustainable tourism and the role of industry and government bodies in this area. Three major issues the editors have examined are environmentally sensitive building and infrastructure design; integrated management systems controlling operational impacts; and the enhancement of the physical environment through operational activities. 
520 8 |a Amongst the cases examined are the Great Barrier Reef Marine Park, Namadgi National Park (Australian Capital Territory), Earth Sanctuaries (South Australia), Seven Spirit Bay (Northern Territory), Kingfisher Bay Resort (Queensland), the Eco-tourism Association, and the Pacific Asia Travel Association. 
650 0 |a Ecotourism  |z Australia. 
650 0 |a Sustainable development  |z Australia. 
700 1 |a Harris, Rob,  |d 1957- 
700 1 |a Leiper, Neil. 
776 0 8 |i Online version:  |t Sustainable tourism.  |d Chatswood, Australia ; Newton [Mass.] : Butterworth-Heinemann, 1995  |w (OCoLC)1019538777 
988 |a 20020608 
906 |0 DLC